000 02866nam0a2200445 4500
001 RU\NLR\bibl\413430
005 20250622171659.0
021 _aRU
_b2003-22495
_91047
035 _a(NLR Aleph) 000407472
090 _a613853
_c613853
100 _a20030616d2000 |||y0rusy50 ca
101 0 _arus
102 _aRU
105 _aa |||||||||
200 1 _aПроектирование и производство штампов и пресс-форм
_eУчеб. пособие для студентов спец. 120100 "Технология машиностроения"
_fВ. Я. Дуганов, М. С. Чепчуров
_gМ-во образования Рос. Федерации, Белгор. гос. технол. акад. строит. материалов
210 _aБелгород
_cБелГТАСМ
_d2000
215 _a75 с.
_cил.
_d21
606 0 _aШтампы
_jРуководства, пособия и т.п. для высшей школы
_xПроектирование
_92296784
_3RU\NLR\auth\661375270
606 0 _aШтампы
_jУчебные издания для высших учебных заведений
_xПроектирование
_92296784
_3RU\NLR\auth\661375270
606 0 _aШтампы
_jРуководства, пособия и т.п. для высшей школы
_xПроизводство
_91190617
_3RU\NLR\auth\66480502
606 0 _aШтампы
_jУчебные издания для высших учебных заведений
_xПроизводство
_91190617
_3RU\NLR\auth\66480502
606 0 _aПрессформы
_jРуководства, пособия и т.п. для высшей школы
_xПроектирование
_92296788
_3RU\NLR\auth\661375272
606 0 _aПрессформы
_jУчебные издания для высших учебных заведений
_xПроектирование
_92296788
_3RU\NLR\auth\661375272
606 0 _aПрессформы
_jРуководства, пособия и т.п. для высшей школы
_xПроизводство
_91039790
_3RU\NLR\auth\66400217
606 0 _aПрессформы
_jУчебные издания для высших учебных заведений
_xПроизводство
_91039790
_3RU\NLR\auth\66400217
610 0 _aШтампы - Производство
610 0 _aПресс-формы - Производство
675 _a621.9.07(075.8)
_v3
_zrus
686 _a55
_2rugasnti
686 _a34.623я73
_2rubbk
686 _aК623.3-56-02я73-1
686 _aК722.523.61я73-1
700 1 _aДуганов
_bВ. Я.
_gВладимир Яковлевич
_4070
701 1 _aЧепчуров
_bМ. С.
_gМихаил Сергеевич
_4070
801 0 _aRU
_bRKP
_c20030616
_gPSBO
801 1 _aRU
_bRKP
_c20030616
801 2 _aRU
_bNLR
_c20030731
_grcr
942 _cBOOK
980 _aNB